[Event "Tarragona Province-ch 45th"]
[Site "Tarragona"]
[Date "2002.10.13"]
[Round "2"]
[White "Vives, Ramon"]
[Black "Perpinya Rofes, Lluis Maria"]
[Result "0-1"]
[WhiteElo "2135"]
[BlackElo "2369"]
[PlyCount "108"]
[EventDate "2002.11.02"]
[EventType "swiss"]
[EventRounds "8"]
[EventCountry "ESP"]
[SourceTitle "CBM 091 Extra"]
[Source "ChessBase"]
[SourceDate "2003.01.09"]
[SourceVersion "1"]
[SourceVersionDate "2003.01.09"]
[SourceQuality "1"]

1. e4 c5 2. Nf3 Nc6 3. Bb5 e6 4. 0-0 Nge7 5. Re1 a6 6. Bxc6 Nxc6 7. d4 cxd4 8. Nxd4 Qc7 9. Nc3 Bd6 10. Nxc6 dxc6 11. Qh5 e5 12. Be3 b5 13. Rad1 0-0 14. a4 Bb4 15. Rd3 Be6 16. Red1 f6 17. Ne2 bxa4 18. Ng3 Rfd8 19. Nf5 Bf8 20. Qg4 Kh8 21. Qe2 g6 22. Rxd8 Rxd8 23. Rxd8 Qxd8 24. Ng3 Qa5 25. h3 Qb5 26. Qd1 Be7 27. Bc1 Kg7 28. Qd2 Qc4 29. h4 Qd4 30. Qxd4 exd4 31. Ne2 c5 32. Nf4 Ba2 33. Kf1 Bb1 34. c3 dxc3 35. bxc3 c4 36. Nd5 Bd6 37. f3 a3 38. Kf2 a5 39. Ke3 a2 40. Bb2 Ba3 41. Ba1 Bc5+ 42. Kd2 Bf2 43. Ne3 Bd3 44. Nd1 Bxh4 45. Ke3 Bg3 46. Kd4 Bf1 47. Nb2 Be5+ 48. Ke3 Bxc3 49. Kf2 Bxg2 50. Kxg2 a4 51. Kf1 a3 52. Nd3 Bxa1 53. Nc1 Bb2 54. Nxa2 c3 0-1